Producción de biogas utilizando (planta extractoria de aceite de palma) un reactor anaerobico horizontal con deflectores.
Tallennettuna:
| Päätekijä: | |
|---|---|
| Aineistotyyppi: | Kirja |
| Julkaistu: |
San José, Costa Rica
1989
|
| Aiheet: | |
| Tagit: |
Lisää tagi
Ei tageja, Lisää ensimmäinen tagi!
|
MARC
| LEADER | 00000nam a2200000Ia 4500 | ||
|---|---|---|---|
| 003 | 004795 | ||
| 005 | 20221231144337.0 | ||
| 008 | 140114s1989 cr a m 000 ||s d | ||
| 040 | |c cru CEDI | ||
| 090 | |a TFG 2229 | ||
| 100 | |a González Larrad, Roberto |9 13239 | ||
| 245 | |a Producción de biogas utilizando (planta extractoria de aceite de palma) un reactor anaerobico horizontal con deflectores. | ||
| 260 | |c 1989 |a San José, Costa Rica | ||
| 300 | |a 101 hojas : ilustraciones (algunas plegables) ; 28 cm | ||
| 500 | |a Proyecto de graduación (licenciatura en ingeniería química)--Universidad de Costa Rica. Facultad de Ingeniería. Escuela de Ingeniería Química | ||
| 650 | |x BIOGAS |9 13240 | ||
| 942 | |c TFG | ||
| 999 | |c 20465 |d 20465 | ||
